Living creoles languages parent languages - Statistics

General Stats
  • This quiz has been taken 121 times
  • The average score is 10 of 26
Answer Stats
Language Number of Creoles % Correct
English 40
100%
French 13
100%
Spanish 4
99%
Portuguese 12
94%
Arabic 4
75%
Hindustani 2
64%
Malay 15
64%
Japanese 1
62%
Mandarin 4
59%
Swahili
38%
Tagalog 1
37%
Afrikaans 1
31%
Tamil 1
27%
Kongo 1
21%
Hmong 1
16%
Tibetan 2
16%
Sinhala 2
15%
Min Nan 1
12%
Uyghur 1
11%
Assamese 1
10%
Ngbandi 1
10%
Motu 1
6%
Chinook 1
4%
Hmu 1
4%
Dong 1
2%
Bonan 1
1%
No matching quizzes found
Score Distribution
Percent of People with Each Score
Percentile by Number Answered
Your Score History
You have not taken this quiz